Bitamin A deficiency and its conseguences: (Record no. 17513)

MARC details
000 -LEADER
fixed length control field 00570nam a22002057a 4500
003 - CONTROL NUMBER IDENTIFIER
control field OSt
005 - DATE AND TIME OF LATEST TRANSACTION
control field 20200430125912.0
008 - FIXED-LENGTH DATA ELEMENTS--GENERAL INFORMATION
fixed length control field 200430b mp ||||| |||| 00| 0 mon d
020 ## - INTERNATIONAL STANDARD BOOK NUMBER
International Standard Book Number 92 4 154478 3
040 ## - CATALOGING SOURCE
Original cataloging agency Bitamin A deficiency and its conseguences:
082 ## - DEWEY DECIMAL CLASSIFICATION NUMBER
Classification number 615.328
100 ## - MAIN ENTRY--PERSONAL NAME
Personal name Sommer,Alfred.
9 (RLIN) 38671
245 ## - TITLE STATEMENT
Title Bitamin A deficiency and its conseguences:
Remainder of title World Health Organization Geneva
250 ## - EDITION STATEMENT
Edition statement 3 хэвл,
260 ## - PUBLICATION, DISTRIBUTION, ETC.
Place of publication, distribution, etc. India.:
Name of publisher, distributor, etc. England
300 ## - PHYSICAL DESCRIPTION
Extent 69х.
546 ## - LANGUAGE NOTE
Хэл English
700 ## - ADDED ENTRY--PERSONAL NAME
Personal name Sommer,Alfred.
9 (RLIN) 38671
942 ## - ADDED ENTRY ELEMENTS (KOHA)
Source of classification or shelving scheme Dewey Decimal Classification
Koha item type гарын авлага, зөвлөмж
Holdings
Date last seen Inventory number Total Checkouts Full call number Barcode Price effective from Koha item type Lost status Source of classification or shelving scheme Damaged status Not for loan Withdrawn status Home library Current library Shelving location Date acquired Cost, normal purchase price
04/30/2020 4152   615.328 DG-G04152 04/30/2020 гарын авлага, зөвлөмж   Dewey Decimal Classification       Дорноговь салбар номын сан Дорноговь салбар номын сан Үндсэн фонд 04/30/2020 3000.00